Physics a textbook for class XII Part1 (Record no. 1396655)

MARC details
000 -LEADER
fixed length control field 00546nam a2200193Ia 4500
005 - DATE AND TIME OF LATEST TRANSACTION
control field 20250508165654.0
008 - FIXED-LENGTH DATA ELEMENTS--GENERAL INFORMATION
fixed length control field 008 250505s9999 xx 000 0 eng d
037 ## - SOURCE OF ACQUISITION
Stock number Textual
040 ## - CATALOGING SOURCE
Original cataloging agency FEDL
Language of cataloging eng
Transcribing agency FEDL
041 ## - LANGUAGE CODE
Language code of text/sound track or separate title eng
Source of code eng
084 ## - COLON CLASSIFICATION NUMBER
Classification number 530, NCE
Assigning agency FEDL
245 #0 - TITLE STATEMENT
Title Physics a textbook for class XII Part1
245 #0 - TITLE STATEMENT
Statement of responsibility, etc. National council of educational research and training
260 ## - PUBLICATION, DISTRIBUTION, ETC.
Place of publication, distribution, etc. Delhi, India
Name of publisher, distributor, etc. NCERT
Date of publication, distribution, etc. 1999
300 ## - PHYSICAL DESCRIPTION
Extent ix,246p.
365 ## - TRADE PRICE
Price type code INR
Price amount 54
942 ## - ADDED ENTRY ELEMENTS (KOHA)
Koha item type Textual
Classification part 530, NCE
Holdings
Withdrawn status Lost status Damaged status Not for loan Home library Current library Date acquired Cost, normal purchase price Total Checkouts Full call number Barcode Date last seen Price effective from Koha item type
        Department of Education Library Department of Education Library 2025-05-08 54.00   530, NCE EL0090307 2025-05-08 2025-05-08 Textual
Copyright @ Delhi University Library System